000 00610nam a22002297a 4500
003 UA-OsUOA
001 48840
007 ta
008 20070912b un ||||| |||| 00| 0 ukr d
100 _aГригорьев К.
090 _a821.161.1
_bГ83
942 _cBK
040 _aUA-OsUOA
_brus
_cUA-OsUOA
_dUA-OsUOA
245 _aНе могли иначе
300 _a358 с.
955 _a2
041 _arus
080 _a821.161.1
260 _aК.
_bРадянський письменник
_c1983
650 7 _a82 Література. Літературознавство
_2UDC
999 _c334955
_d334955